| 000 | 00541nam a22001697a 4500 | ||
|---|---|---|---|
| 999 |
_c130517 _d130517 |
||
| 008 | 201020b ||||| |||| 00| 0 eng d | ||
| 050 | _aHN802.Z9 P962 | ||
| 245 |
_aPro-poor and inclusive development in Zimbabwe _bbeyond the enclave _cANSA, LEDRIZ and ZCTU |
||
| 260 |
_aHarare _bWeaver Press _c2012 |
||
| 300 |
_axiv, 232p. ; _c23cm. |
||
| 651 |
_aZimbabwe _xEconomic conditions _911115 |
||
| 651 |
_aZimbabwe _xDevelopment _949918 |
||
| 710 |
_aANSA _949919 |
||
| 710 |
_aLEDRIZ _949920 |
||
| 710 |
_aZCTU _949921 |
||
| 942 |
_2lcc _cMONOGRAPH |
||